Título en la letra 6 - Estadísticas

Estadísticas generales
  • Esta prueba ha sido intentada 1.147 veces
  • La puntuación promedio es 8 de 15
Estadísticas de respuestas
Letra % Correcto
A mí me gustan {mayores} / De esos que llaman señores / De los que te abren la puerta / Y te mandan flores / A mí me gustan más grandes / Que no me quepa en la boca / Los besos que quiera darme / Y que me vuelva loca
97%
La mano arriba, cintura sola / Da media vuelta, {danza} {kuduro} / No te canse' ahora, que esto solo empieza / Mueve la cabeza, {danza} {kuduro}
96%
Para bailar {la} {bamba} / Para bailar {la} {bamba} / Se necesita una poca de gracia / Una poca de gracia pa' mí, pa' ti / Arriba y arriba
93%
En la vida conocí / Mujer igual a {la} {flaca} / Coral negro de la Habana / Tremendísima mulata / Cien libras de piel y hueso / Cuarenta kilos de salsa / Y en la cara dos soles / Que sin palabras hablan
84%
No sé que me dio por la espalda / Cuando vi {la} {raja} {de} {tu} {falda} / Que un Seat Panda se me cruzó / Y se comió el parachoques de mi Ford Escort / Por {la} {raja} {de} {tu} {falda} yo / Tuve un piñazo con un Seat Panda
82%
Quiero vivir / Quiero gritar / Quiero sentir / {El} {universo} {sobre} {mí} / Quiero correr en libertad / Quiero encontrar mi sitio
74%
No me mires / No me mires / Déjalo ya / Que hoy no me he puesto / El {maquillaje} / Y mi aspecto externo es demasiado vulgar / Para que te pueda gustar
70%
Fuego en mi cuerpo música y pasión / Te tengo en mi mente, pura obsesión / Cuando llega el calor los chicos se enamoran / Es la brisa y el sol acércate ven mi deseo te confesare / {Yo} {quiero} {bailar} / Toda la noche
63%
La encontraron días después / Con las manos blancas de pintar / Su nombre en la pared / Y el tuyo junto a él borrado de pensar / {Que} {nunca} {volverá} / Que nunca ha estado allí / Que todas las promesas que hizo no eran de verdad
37%
{Sobreviviré} / Buscaré un hogar / Entre los escombros / De mi soledad / Paraíso extraño / Donde no estás tú / Y aunque duela quiero libertad / Aunque me haga daño
35%
Déjame que pose para ti / Eres tú mi artista preferido / Déjame tenerte junto a mí / Prometo estarte {agradecido}
31%
{Dame} {veneno} que quiero morir, {dame} {veneno} / Que antes prefiero la muerte / Que vivir contigo, {dame} {veneno} / Ay, para morir
27%
{Volver} con la frente marchita / Las nieves del tiempo platearon mi sien / Sentir que es un soplo la vida / Que veinte años no es nada / Que febril la mirada, errante en las sombras / Te busca y te nombra / Vivir con el alma aferrada / A un dulce recuerdo / Que lloro otra vez
21%
De pronto canto / {Será} {porque} {te} {amo} / Y siento el viento que pasa / Por tus manos / Todo es distinto / Cuando te estoy mirando / No me comprendo / {Será} {porque} {te} {amo}
18%
{Gracias} {a} {la} {vida} que me ha dado tanto / Me dio dos luceros que, cuando los abro / Perfecto distingo, lo negro del blanco / Y en el alto cielo su fondo estrellado / Y en las multitudes, el hombre que yo amo
14%
No se encontraron pruebas coincidentes
Distribución de puntuación
Porcentaje de gente con cada puntuación
Porcentaje por número respondido
Historial de tus puntuaciones
No has intentado esta prueba.